000 00305nam a2200109Ia 4500
008 200302s9999 xx 000 0 und d
100 _aMalcolm Quantrill (Edi)
245 _aThe Culture Of Silence : Architecture's Fifth Dimension
260 _bTexas A& M University Press
260 _c1998
300 _a271 P
999 _c4905
_d4905